Allez Allez Allez - Liverpool Chant - Statistics

General Stats
  • This quiz has been taken 16 times
  • The average score is 7 of 9
Answer Stats
Lyric % Correct
We're never going to {stop}
100%
We've conquered all of {Europe}
100%
From {Paris} down to {Turkey}
85%
We've {won} the f****** {lot}
85%
{Bob} {Paisley} and {Bill} {Shankly}
77%
{Allez} {Allez} {Allez}! x4
69%
And we {come} from {Liverpool}
69%
The {Fields} of {Anfield} {Road}
69%
We are {loyal} {supporters}
54%
No matching quizzes found
Score Distribution
Percent of People with Each Score
Percentile by Number Answered
Your Score History
You have not taken this quiz